Quiz Révolution Française / Difficulté croissante ! - Statistiques

Statistiques générales
  • Ce quiz a été pris 34 fois
  • Le résultat moyen est 4 sur 20
Statistiques - réponses
Hint Réponse % Correct
En quelle année la Révolution Française prend-elle officiellement fin ? 1799
89%
Quelle part représente le Tiers Etat dans la population globale ? (en %) 95
44%
En 1789, 83 ? ont été créés. On en compte 101 en France en 2025 Départements
44%
Endroit où fut arrêté Louis XVI lors de sa fuite les 20/21 juin 1791 Varennes
44%
Evènement organisé à l'occasion des 1 an de la prise de la Bastille, le 14 juillet 1790, durant lequel le roi et la Fayette prêtent serment à la Nation Fête de la Fédération
33%
Lieu de la célèbre bataille s'étant déroulée en France 22 septembre 1792, au cours de laquelle l'armée prussienne est repoussée aux portes de Paris Valmy
30%
Date précise du serment du jeu de Paume ? 20 juin 1789
22%
Artiste à l'origine du tableau (inachevé) intitulé "Le Serment du Jeu de Paume" ? David
22%
Nom donné au mouvement de peur collective s'étant répandu en France à l'été 1789, notamment dans les campagnes Grande peur
19%
Depuis quand les Etats Généraux n'avaient-ils pas été réunis ? (Année) 1614
11%
Nom du maire de Paris élu le lendemain de la Prise de la Bastille Bailly
11%
Ceux qui travaillent (Tiers Etat : laborantes), ceux qui prient (Clergé : oratores), ceux qui combattent (Nobles : ?) Bellatores
7%
Musée au sein duquel il est exposé (comme de nombreuses autres oeuvres touchant à la Révolution Française) Musée Carnavalet
7%
Quelle Révolution se déroule en même temps que la RF dans la République des Provinces Unies (1780-1798) ? Révolution Batave
7%
Décret adopté le 12 avril 1790, permettant la réorganisation de l'Eglise Constitution civile du clergé
4%
Une des revendications principale du Tiers Etat dans les Cahiers de Doléance : Le ? du Tiers Doublement
4%
La Fuite du roi engendre la division politique des jacobins : une partie garde le nom de "jacobins", les autres sont appelés les ? Feuillants
4%
Où devait-il se rendre ? Montmédy
4%
Nom de la déclaration du 27 août 1791, menaçant la France de représailles si Louis XVI venait à être maltraité Déclaration de Pillnitz
0%
Principal journal pro révolutionaire, dont Gaspard André Chaumette fut l'un des principaux rédacteurs Les Révolutions de Paris
0%
Aucun quiz correspondant
Distribution des résultats
% des personnes avec chaque résultat
Percentile par nombre de réponses
Votre historique - résultats
Vous n’avez pas pris ce quiz